Hope rides again
| Main Author: | |
|---|---|
| Format: | Book |
| Published: |
Philadelphia :
Quirk Books ,
2019
|
| Subjects: |
MARC
| LEADER | 00000cam a2200000 7i4500 | ||
|---|---|---|---|
| 001 | 0000278579 | ||
| 005 | 20201210082241.0 | ||
| 020 | |a 9781683691228 | ||
| 090 | 0 | |a F |b SHA | |
| 100 | 1 | |a Shaffer, Andrew | |
| 245 | 1 | 0 | |a Hope rides again |c Andrew Shaffer |
| 260 | |a Philadelphia : |b Quirk Books , |c 2019 | ||
| 300 | |a 284p. ; |c 21cm. | ||
| 650 | 0 | |a Fiction | |
| 999 | |a 00385717 |b BUKU |c PINJAMAN |e PERPUSTAKAAN KOMUNITI PETALING JAYA | ||